| 000 | 00946cam a2200277 a 4500 | ||
|---|---|---|---|
| 003 | MX-MxUPN | ||
| 005 | 20260327064208.0 | ||
| 008 | 150511s1999 sp a br 000 0 spa d | ||
| 020 | _a8424179048 | ||
| 035 | _aUPN01000203393 | ||
| 040 |
_aMX-MxUPN _bspa |
||
| 041 | 0 | _aspa | |
| 050 | 4 |
_aPZ76.3 _bJ564 1999 |
|
| 100 | 1 |
_aJiménez Soria, Ángeles _959185 |
|
| 100 | 1 |
_aPrestifilippo, Pablo, _d1960- _939040 |
|
| 245 | 1 | 1 |
_a¿En qué se parecen un elefante y un gato? / _cÁngeles Jiménez y Pablo Prestifilippo ; ilustrado por Pablo Prestifilippo |
| 260 |
_aLeón, España : _bEverest, _c[1999?] |
||
| 300 |
_a31 páginas : _bilustraciones a color |
||
| 490 | 0 | _aMontaña encantada | |
| 500 | _aFecha de publicación tomada del Depósito Legal. | ||
| 650 | 4 |
_aElefantes _vCuentos y leyendas _99255 |
|
| 650 | 4 |
_aGatos _vCuentos y leyendas _911010 |
|
| 902 | _aVìctorGodìnez/260326 | ||
| 942 |
_2lcc _cLIBRO |
||
| 999 |
_c175494 _d175494 |
||